000 00292nam a22001337a 4500
008 180130b xxu||||| |||| 00| 0 eng d
020 _a9780312419028
041 _aeng
080 _a371
100 _a46
101 _aEDU
245 _aSeeing the Pattern
_cMcWhorter, K.T
942 _2udc
_cBK
999 _c41243
_d41243